00266nam a22001217a 4500020001800000041000800018082001800026100002000044245003500064260002800099300000900127650000800136 a9781781633694 aENG a342.0878bSHA aShaikh Sarfaraz aHuman Rights of Women in Islam aUK,b Koros Pressc2015 a337p aLaw